Non-Government secondary schooling in Sub-Sahara Africa: exploring the evidence in South Africa and Malawi (Record no. 78826)
[ view plain ]
| 000 -LEADER | |
|---|---|
| fixed length control field | 01100nam a2200229 a 4500 |
| 008 - FIXED-LENGTH DATA ELEMENTS--GENERAL INFORMATION | |
| fixed length control field | 090320s2005 ||||||||||||||||| || u |
| 020 ## - INTERNATIONAL STANDARD BOOK NUMBER | |
| International Standard Book Number | 1861927436 |
| 050 ## - LIBRARY OF CONGRESS CALL NUMBER | |
| Classification number | DFID(08) |
| 100 ## - MAIN ENTRY--PERSONAL NAME | |
| Personal name | Lewin, Keith M |
| 245 10 - TITLE STATEMENT | |
| Title | Non-Government secondary schooling in Sub-Sahara Africa: exploring the evidence in South Africa and Malawi |
| 260 ## - PUBLICATION, DISTRIBUTION, ETC. | |
| Place of publication, distribution, etc. | London: |
| Name of publisher, distributor, etc. | Development For International Development(DFID) |
| Date of publication, distribution, etc. | 2005 |
| 300 ## - PHYSICAL DESCRIPTION | |
| Extent | xxi, 164p.: ill. |
| 350 ## - | |
| -- | 0.00 |
| 490 ## - | |
| -- | Education Papers |
| 650 #0 - SUBJECT ADDED ENTRY--TOPICAL TERM | |
| Topical term or geographic name entry element | EDUCATIONAL TESTS AND MEASUREMENTS |
| 650 ## - SUBJECT ADDED ENTRY--TOPICAL TERM | |
| Topical term or geographic name entry element | EDUCATION, SECONDARY--AFRICA, SUB-SAHARAN |
| 650 ## - SUBJECT ADDED ENTRY--TOPICAL TERM | |
| Topical term or geographic name entry element | NON-GOVERNMENTAL ORGANIZATIONS--AFRICA, SUB-SAHARAN |
| 700 ## - ADDED ENTRY--PERSONAL NAME | |
| Personal name | Sayed, Yusuf |
| 710 ## - ADDED ENTRY--CORPORATE NAME | |
| Corporate name or jurisdiction name as entry element | Development For International Development(DFID) |
| 995 ## - | |
| -- | SPECIAL COLLECTIONS |
| -- | 0.00 |
| -- | 03005875 |
| -- | CBU-MAIN LIBRARY (Kitwe) |
| -- | 1 |
| -- | 0.00 |
| -- | DFID(08)RI/2005/59 |
| -- | 2 |
| -- | AVAILABLE |
| -- | Feb 11, 2010 |
| -- | Z03005875 |
| -- | International Publications |
| 995 ## - | |
| -- | SPECIAL COLLECTIONS |
| -- | 0.00 |
| -- | 1861927436 |
| -- | CBU-MAIN LIBRARY (Kitwe) |
| -- | 1 |
| -- | 0.00 |
| -- | DFID(08)RI/05/59 |
| -- | 1 |
| -- | AVAILABLE |
| -- | May 22, 2009 |
| -- | 1861927436 |
| -- | International Publications |
| 999 ## - | |
| -- | 78826 |
| -- | 78826 |
| Withdrawn status | Lost status | Source of classification or shelving scheme | Damaged status | Not for loan | Permanent Location | Current Location | Shelving location | Date acquired | Total Checkouts | Full call number | Barcode | Date last seen | Copy number | Price effective from | Koha item type |
|---|---|---|---|---|---|---|---|---|---|---|---|---|---|---|---|
| CBU-MAIN LIBRARY, KITWE. | CBU-MAIN LIBRARY, KITWE. | 06/06/2023 | DFID(08)RI/2005/59 | Z03005875 | 06/06/2023 | 1 | 06/06/2023 | SPECIAL COLLECTION | |||||||
| CBU-MAIN LIBRARY, KITWE. | CBU-MAIN LIBRARY, KITWE. | 06/06/2023 | DFID(08)RI/05/59 | 1861927436 | 06/06/2023 | 2 | 06/06/2023 | SPECIAL COLLECTION |